000 00263nam a2200109Ia 4500
008 200302s9999 xx 000 0 und d
100 _aPrithvish Nag
245 _aCensus Mapping Survey
260 _bConcept Publishing Co. Ltd.
260 _c1984
300 _a299 P.,
999 _c5563
_d5563